Tenth Review of IMF Data Standards Initiatives.

The IMF Data Standards Initiatives enhance data transparency as a global public good. The Tenth Review updates the framework, in light of new data priorities, through a parsimonious and principles-based expansion of encouraged data categories covering selected aspects in the areas of public debt, ma...

Повний опис

Бібліографічні деталі
Співавтор: International Monetary Fund. Statistics Dept
Формат: Журнал
Мова:English
Опубліковано: Washington, D.C. : International Monetary Fund, 2022.
Серія:Policy Papers; Policy Paper ; No. 2022/005
Предмети:
Онлайн доступ:Full text available on IMF
LEADER 01971cas a2200289 a 4500
001 AALejournalIMF022525
008 230101c9999 xx r poo 0 0eng d
020 |c 5.00 USD 
020 |z 9798400204012 
022 |a 2663-3493 
040 |a BD-DhAAL  |c BD-DhAAL 
110 2 |a International Monetary Fund.  |b Statistics Dept. 
245 1 0 |a Tenth Review of IMF Data Standards Initiatives. 
264 1 |a Washington, D.C. :  |b International Monetary Fund,  |c 2022. 
300 |a 1 online resource (82 pages) 
490 1 |a Policy Papers 
500 |a <strong>Off-Campus Access:</strong> No User ID or Password Required 
500 |a <strong>On-Campus Access:</strong> No User ID or Password Required 
506 |a Electronic access restricted to authorized BRAC University faculty, staff and students 
520 3 |a The IMF Data Standards Initiatives enhance data transparency as a global public good. The Tenth Review updates the framework, in light of new data priorities, through a parsimonious and principles-based expansion of encouraged data categories covering selected aspects in the areas of public debt, macro-financial indicators, foreign exchange intervention, climate change-related policy, and gender- disaggregated labor market statistics. The Review also focuses on strengthening the monitoring of the first tier of the Data Standards Initiatives, the enhanced General Data Dissemination System (e-GDDS), and encouraging subscribers of the second tier, the Special Data Dissemination Standard (SDDS), to modernize data publication technology. 
538 |a Mode of access: Internet 
650 7 |a Data Access  |2 imf 
650 7 |a Methodology for Collecting, Estimating and Organizing Macroeconomic Data  |2 imf 
650 7 |a Monetary Policy  |2 imf 
650 7 |a Political Economy  |2 imf 
830 0 |a Policy Papers; Policy Paper ;  |v No. 2022/005 
856 4 0 |z Full text available on IMF  |u http://elibrary.imf.org/view/journals/007/2022/005/007.2022.issue-005-en.xml  |z IMF e-Library